| 000 | 00657nam a22002177a 4500 | ||
|---|---|---|---|
| 999 |
_c21756 _d21756 |
||
| 003 | OSt | ||
| 005 | 20210701110452.0 | ||
| 008 | 170201b xxu||||| |||| 00| 0 eng d | ||
| 020 | _a0323003176 (pbk.) | ||
| 040 |
_aMMU _cMMU _dMMU _beng |
||
| 050 | 0 | 0 |
_aRT84.5 _b.C487 1999 |
| 100 | 1 | _aChinn, Peggy L. | |
| 245 | 1 | 0 |
_aTheory and nursing : _bintegrated knowledge development / _cPeggy L. Chinn, Maeona K. Kramer. |
| 250 | _a5th ed. | ||
| 260 |
_aSt. Louis : _bMosby, _cc1999. |
||
| 300 |
_axix, 265 p. : _bill. (some col.) ; _c23 cm. |
||
| 650 | 0 |
_aNursing _xPhilosophy. |
|
| 650 | 1 | 2 | _aNursing Theory. |
| 700 | 1 | _aKramer, Maeona K. | |
| 942 |
_2lcc _cLOAN LOAN |
||